Costa Rica: evolución económica durante 1993

Shranjeno v:
Bibliografske podrobnosti
Korporativna značnica: Naciones Unidas
Format: Texto
Izdano: México D.F.: CEPAL
Oznake: Označite
Brez oznak, prvi označite!

MARC

LEADER 00000 a a2200000 04500
001 25189
003
040
090 |a 180100  
110 |a Naciones Unidas  
245 |a Costa Rica: evolución económica durante 1993  
260 |a México D.F.:   |b CEPAL  
300 |a 41 p.   |b **no definido**  
999 |c 12615  |d 12615